| 000 | 00666nam a22001937a 4500 | ||
|---|---|---|---|
| 003 | 0 | ||
| 005 | 20250828140226.0 | ||
| 008 | 250828b xxu||||| |||| 00| 0 eng d | ||
| 020 | _a978-1-03-262706-9 | ||
| 050 |
_aPN 1996 _b.F85 2025 |
||
| 100 |
_aFuller, Karla Rae, _eauthor. |
||
| 245 |
_aMastering the craft of diverse and inclusive screenwriting : _bfind your screenwriting superpower / _cKarla Rae Fuller. |
||
| 260 |
_aNew York, NY : _bRoutledge, _c2025. |
||
| 300 |
_axxii, 170 pages : _billustrations ; _c24 cm. |
||
| 504 | _aIncludes bibliographical references and index. | ||
| 650 | _aMotion picture plays. | ||
| 650 | _aSocial justice. | ||
| 942 |
_2lcc _cBK |
||
| 999 |
_c367664 _d367664 |
||